| 000 | 00867nas a2200253 4500 | ||
|---|---|---|---|
| 001 | BR8802215 | ||
| 003 | BR-BrBNA | ||
| 005 | 20231205091109.0 | ||
| 007 | ta | ||
| 008 | 230509b bl.|||p| |||| 00| 00por d | ||
| 040 |
_aBR-BrBNA _bpor _cBiblioteca Nacional de Agricultura |
||
| 041 | _a(Pt) | ||
| 072 | _aF30 | ||
| 100 | 1 | _aGheyi, H.R. | |
| 100 | 1 | _aBarros, A.D. de | |
| 245 | 1 | _aSelecao de culivares de arroz irrigado para solos salinos-sodicos. I. Ensaios de germinacao e crescimento | |
| 246 | 1 | _aSelection of upland rice cultivars for saline-sodic soil. 1. Tests of germination and growth | |
| 650 | _aARROZ IRRIGADO | ||
| 650 | _aVARIEDADE RESISTENTE | ||
| 650 | _aSALINIDADE | ||
| 773 | 0 |
_tPesquisa Agropecuaria Brasileira (Brazil) _x _g(Jul 1987), v. 22(7) p. 719-723 _wBR8802215 |
|
| 909 |
_a202311 _bLúcia _c55 _dLúcia Elande |
||
| 942 |
_2AGRIS _n0 _cANA |
||
| 999 |
_c122755 _d122755 |
||